|
|
|
|
| LEADER |
00567cam a2200169 7i4500 |
| 001 |
0000028767 |
| 005 |
20130314090000.0 |
| 020 |
0 |
0 |
|a 9781849800136
|
| 090 |
0 |
0 |
|a B 381.088297
|b HAN
|
| 245 |
0 |
0 |
|a Handbook of Islamic marketing.
|
| 260 |
0 |
0 |
|a Cheltenham, UK:
|b Edward Elgar,
|c 2011.
|
| 300 |
# |
# |
|a 513 p.
|
| 650 |
0 |
0 |
|a Marketing --
|x Islamic countries
|
| 650 |
0 |
0 |
|a Marketing --
|x Religious aspect --
|x Islam
|
| 650 |
0 |
0 |
|a Brand name products --
|x Religious aspect --
|x Islam
|
| 650 |
0 |
0 |
|a Islamic countries --
|x Commerce
|
| 999 |
|
|
|a B000032100
|b Book
|c Book
|e Business Information Centre
|